00422nam a2200109Ia 4500008004100000050002400041100002900065245007700094260008600171300002800257521002700285140724s9999 xx 000 0 und d aQA 76.5b.D946 2010 aDuque Jr, Fermin Embili. aOnline ordering for Joel's D Autoparts Center /cFermin Embili Duque Jr. aLas Piñas, Philippines :bSouthville International School and Colleges,cc2010. a41 p. :bill. ;c28 cm. aInformation Technology